[Event "Petroupoli ASOP Dias Seniors op"]
[Site "Petroupoli"]
[Date "2014.05.10"]
[Round "7.4"]
[White "Tzavaras, Spyridon"]
[Black "Giannoulis, Dionisios"]
[Result "0-1"]
[WhiteElo "1186"]
[BlackElo "1692"]
[PlyCount "48"]
[EventDate "2014.03.22"]
[EventType "swiss"]
[EventRounds "7"]
[EventCountry "GRE"]
[SourceTitle "EXT 2024"]
[Source "ChessBase"]
[SourceDate "2023.10.10"]
[SourceVersion "1"]
[SourceVersionDate "2023.10.10"]
[SourceQuality "1"]

1. e4 d6 2. d4 Nf6 3. Nc3 g6 4. Bg5 Bg7 5. h3 0-0 6. Nf3 c6 7. a4 Nbd7 8. Be2 Qc7 9. 0-0 e5 10. Qd2 exd4 11. Nxd4 Re8 12. Bf3 Ne5 13. Bxf6 Nxf3+ 14. Nxf3 Bxf6 15. Rfe1 Be6 16. Qf4 Bg7 17. e5 dxe5 18. Nxe5 Bf5 19. Nd3 Qxf4 20. Nxf4 Bxc2 21. Rec1 Bf5 22. a5 Rad8 23. a6 b6 24. Rab1 Bxb1 0-1

[Event "Petroupoli ASOP Dias op"]
[Site "Petroupoli"]
[Date "2014.02.26"]
[Round "1.21"]
[White "Giannoulis, Dionisios"]
[Black "Sideris, Theodoros"]
[Result "1/2-1/2"]
[WhiteElo "1693"]
[BlackElo "2010"]
[PlyCount "93"]
[EventDate "2014.02.26"]
[EventType "swiss"]
[EventRounds "7"]
[EventCountry "GRE"]
[SourceTitle "EXT 2024"]
[Source "ChessBase"]
[SourceDate "2023.10.10"]
[SourceVersion "1"]
[SourceVersionDate "2023.10.10"]
[SourceQuality "1"]

1. e4 c5 2. Nf3 a6 3. Nc3 Nc6 4. g3 g6 5. Bg2 Bg7 6. 0-0 e6 7. d3 Nge7 8. Be3 d6 9. Rb1 0-0 10. Ne1 Nd4 11. f4 f5 12. Ne2 Qa5 13. a3 Qa4 14. Nc3 Qa5 15. Bd2 Qc7 16. Nf3 Nxf3+ 17. Bxf3 Bd7 18. Ne2 Bc6 19. Bc3 Bxc3 20. Nxc3 d5 21. exd5 exd5 22. Qe2 d4 23. Bxc6 Nxc6 24. Qe6+ Qf7 25. Qxf7+ Kxf7 26. Na4 Ne7 27. Nb6 Rad8 28. Rfe1 Nd5 29. Nxd5 Rxd5 30. Re2 Re8 31. Rbe1 Rxe2 32. Rxe2 b5 33. Kf2 c4 34. Ke1 Rc5 35. Kd2 c3+ 36. Kc1 a5 37. b3 b4 38. a4 h6 39. h4 g5 40. hxg5 hxg5 41. Kd1 Kg6 42. Re8 Kh5 43. fxg5 Kxg5 44. Ke2 Rc6 45. Kf3 Rh6 46. Kg2 Rh7 47. Re6 1/2-1/2

[Event "Petroupoli-ch"]
[Site "Petropouli"]
[Date "2014.02.22"]
[Round "5"]
[White "Katsiampas, Efthymios"]
[Black "Giannoulis, Dionisios"]
[Result "0-1"]
[WhiteElo "1000"]
[BlackElo "1673"]
[PlyCount "132"]
[EventDate "2014.01.25"]
[EventType "swiss"]
[EventRounds "7"]
[EventCountry "GRE"]
[SourceTitle "EXT 2015"]
[Source "ChessBase"]
[SourceDate "2014.11.20"]
[SourceVersion "1"]
[SourceVersionDate "2014.11.20"]
[SourceQuality "1"]

1. d4 d5 2. c4 c6 3. Nf3 Nf6 4. e3 e6 5. Nc3 Be7 6. Bd3 0-0 7. 0-0 Nbd7 8. Qc2 dxc4 9. Bxc4 b5 10. Bd3 Bb7 11. a3 a6 12. b4 a5 13. bxa5 Rxa5 14. Bb2 h6 15. Nd2 Qa8 16. a4 b4 17. Ne2 Nb6 18. Nc4 Nxc4 19. Bxc4 c5 20. f3 Rc8 21. Qb3 Bd5 22. Bxd5 Nxd5 23. dxc5 Bxc5 24. Bd4 Bxd4 25. exd4 Qa6 26. Rfc1 Rxc1+ 27. Nxc1 Qb6 28. Ne2 Nc3 29. Nxc3 Qxd4+ 30. Kf1 Qd3+ 31. Kf2 bxc3 32. Rd1 Qg6 33. Qxc3 Rxa4 34. Rd8+ Kh7 35. Qd3 Ra2+ 36. Ke3 Qxd3+ 37. Rxd3 Rxg2 38. h4 Kg6 39. Kf4 Kf6 40. Rd6 Ke7 41. Ra6 Rd2 42. Ra7+ Rd7 43. Ra5 f6 44. Ke4 g5 45. hxg5 fxg5 46. Ra8 Rd8 47. Ra7+ Rd7 48. Ra8 Kf6 49. Rh8 Kg7 50. Re8 Rd6 51. Ke5 Ra6 52. Re7+ Kg6 53. Re8 Kh5 54. Rg8 Ra3 55. Rf8 Re3+ 56. Kd4 Re1 57. Ra8 Kh4 58. Ra6 Kg3 59. Ra3 h5 60. Ra5 e5+ 61. Kd3 h4 62. Kd2 Kf2 63. Ra3 Re2+ 64. Kd1 Re3 65. Ra2+ Kxf3 66. Ra8 h3 0-1

[Event "Petroupoli ASOP Dias Seniors op"]
[Site "Petroupoli"]
[Date "2013.05.11"]
[Round "6.6"]
[White "Bellos, Vasilios"]
[Black "Giannoulis, Dionisios"]
[Result "0-1"]
[WhiteElo "1539"]
[BlackElo "1669"]
[PlyCount "92"]
[EventDate "2013.03.30"]
[EventType "swiss"]
[EventRounds "7"]
[EventCountry "GRE"]
[SourceTitle "EXT 2024"]
[Source "ChessBase"]
[SourceDate "2023.10.10"]
[SourceVersion "1"]
[SourceVersionDate "2023.10.10"]
[SourceQuality "1"]

1. e4 d6 2. d4 Nf6 3. Nc3 g6 4. Be3 Bg7 5. f3 c6 6. Qd2 Nbd7 7. g4 b5 8. h4 b4 9. Nce2 a5 10. Bh6 Bxh6 11. Qxh6 Nb6 12. Nf4 Ba6 13. Bxa6 Rxa6 14. g5 Nh5 15. Nxh5 gxh5 16. Ne2 Nc4 17. g6 fxg6 18. Nf4 Kd7 19. Nd3 Qf8 20. Qxf8 Rxf8 21. Kf2 Raa8 22. Rad1 Rf7 23. e5 Raf8 24. f4 Kc7 25. Rh3 Nb6 26. Rf3 Rf5 27. c3 bxc3 28. bxc3 Nc4 29. Kg3 Rb8 30. Re1 d5 31. Re2 Rb1 32. e6 Nd6 33. Nc5 Rf8 34. Na6+ Kb6 35. Nc5 Nf5+ 36. Kf2 Kc7 37. Nd7 Ra8 38. Rh3 Kd6 39. Ne5 Rab8 40. Nf7+ Kc7 41. Ng5 R8b2 42. Nxh7 Rxe2+ 43. Kxe2 Rb2+ 44. Kd3 Rxa2 45. Nf8 Rg2 46. c4 Rg4 0-1

[Event "Petroupoli ASOP Dias Seniors op"]
[Site "Petroupoli"]
[Date "2013.04.20"]
[Round "4.6"]
[White "Vlassopoulos, Nikos"]
[Black "Giannoulis, Dionisios"]
[Result "0-1"]
[WhiteElo "1395"]
[BlackElo "1669"]
[PlyCount "52"]
[EventDate "2013.03.30"]
[EventType "swiss"]
[EventRounds "7"]
[EventCountry "GRE"]
[SourceTitle "EXT 2024"]
[Source "ChessBase"]
[SourceDate "2023.10.10"]
[SourceVersion "1"]
[SourceVersionDate "2023.10.10"]
[SourceQuality "1"]

1. e4 c5 2. c3 d5 3. e5 e6 4. d4 Bd7 5. Nf3 a6 6. Be2 Bb5 7. a4 Bxe2 8. Qxe2 Nc6 9. Nbd2 cxd4 10. cxd4 Qb6 11. Qd3 Nge7 12. 0-0 Nb4 13. a5 Nxd3 14. axb6 Nc6 15. Nb3 Be7 16. Rd1 Ndb4 17. Bd2 0-0 18. Nc5 Bxc5 19. dxc5 Nd3 20. Bc3 Nxc5 21. Nd4 Nxd4 22. Bxd4 Nb3 23. Ra3 Nxd4 24. Rxd4 Rfc8 25. Rc3 Rxc3 26. bxc3 Rc8 0-1

[Event "Petroupoli ASOP Dias Seniors op"]
[Site "Petroupoli"]
[Date "2013.02.09"]
[Round "4.5"]
[White "Savidis, Dimitrios"]
[Black "Giannoulis, Dionisios"]
[Result "0-1"]
[WhiteElo "1738"]
[BlackElo "1714"]
[PlyCount "54"]
[EventDate "2013.01.19"]
[EventType "swiss"]
[EventRounds "7"]
[EventCountry "GRE"]
[SourceTitle "EXT 2024"]
[Source "ChessBase"]
[SourceDate "2023.10.10"]
[SourceVersion "1"]
[SourceVersionDate "2023.10.10"]
[SourceQuality "1"]

1. d4 d5 2. c4 c6 3. Nf3 Nf6 4. Nc3 e6 5. e3 Nbd7 6. Bd3 dxc4 7. Bxc4 b5 8. Bd3 Bb7 9. 0-0 Bd6 10. e4 e5 11. dxe5 Nxe5 12. Nxe5 Bxe5 13. Qe2 0-0 14. f4 Bd4+ 15. Be3 Bxe3+ 16. Qxe3 Ng4 17. Qe2 b4 18. Na4 Qd4+ 19. Kh1 Rad8 20. Rad1 Ne3 21. e5 Nxd1 22. Rxd1 Qxf4 23. e6 fxe6 24. Qxe6+ Kh8 25. Qh3 h6 26. Nc5 Bc8 27. Ne6 Bxe6 0-1

[Event "Petroupoli ASOP Dias Seniors op"]
[Site "Petroupoli"]
[Date "2013.01.26"]
[Round "2.7"]
[White "Papadopoulos, Petros"]
[Black "Giannoulis, Dionisios"]
[Result "0-1"]
[WhiteElo "1399"]
[BlackElo "1714"]
[PlyCount "66"]
[EventDate "2013.01.19"]
[EventType "swiss"]
[EventRounds "7"]
[EventCountry "GRE"]
[SourceTitle "EXT 2024"]
[Source "ChessBase"]
[SourceDate "2023.10.10"]
[SourceVersion "1"]
[SourceVersionDate "2023.10.10"]
[SourceQuality "1"]

1. e4 c6 2. d4 d5 3. Nc3 dxe4 4. Nxe4 Nd7 5. Nf3 Ngf6 6. Ng3 e6 7. Qd3 Qc7 8. Bd2 Be7 9. 0-0-0 b5 10. b4 Nd5 11. a3 N7f6 12. Be2 Bd6 13. Ne5 Bxe5 14. dxe5 Qxe5 15. c3 a5 16. Rhe1 Qc7 17. Bg5 0-0 18. Bf3 Bb7 19. Bxd5 Nxd5 20. Nh5 axb4 21. cxb4 c5 22. Qc2 Rxa3 23. Rxd5 Bxd5 24. Re2 Ra1+ 25. Kb2 Ra2+ 26. Kb1 Rxc2 27. Rxc2 Qe5 28. f4 Qe1+ 29. Kb2 Qxb4+ 30. Kc1 Qe1+ 31. Kb2 Ra8 32. Rc1 Ra2+ 33. Kb1 Qb4# 0-1

[Event "Petroupoli ASOP Dias Seniors op"]
[Site "Petroupoli"]
[Date "2013.01.19"]
[Round "1.7"]
[White "Giannoulis, Dionisios"]
[Black "Tzavaras, Konstantinos"]
[Result "1-0"]
[WhiteElo "1714"]
[BlackElo "1240"]
[PlyCount "75"]
[EventDate "2013.01.19"]
[EventType "swiss"]
[EventRounds "7"]
[EventCountry "GRE"]
[SourceTitle "EXT 2024"]
[Source "ChessBase"]
[SourceDate "2023.10.10"]
[SourceVersion "1"]
[SourceVersionDate "2023.10.10"]
[SourceQuality "1"]

1. d4 d5 2. Nf3 Nf6 3. Bg5 e6 4. Nbd2 Nc6 5. e3 Be7 6. c4 dxc4 7. Bxc4 0-0 8. 0-0 Bd7 9. Rc1 Re8 10. a3 Bd6 11. Ne4 Be7 12. Bxf6 Bxf6 13. Nc5 Na5 14. Bd3 b6 15. Nxd7 Qxd7 16. b4 Nb7 17. Be4 Rab8 18. Bc6 Qe7 19. Bxe8 Rxe8 20. Qa4 Ra8 21. Qc6 Rb8 22. Qxc7 Qxc7 23. Rxc7 a5 24. Rfc1 h6 25. Rc8+ Rxc8 26. Rxc8+ Kh7 27. Rc6 Bd8 28. Ne5 f6 29. Nf7 axb4 30. Nxd8 Nxd8 31. Rxb6 bxa3 32. Ra6 e5 33. d5 Nf7 34. Rxa3 Kg6 35. Ra6 Kf5 36. f3 e4 37. fxe4+ Ke5 38. Re6# 1-0

[Event "Petroupoli ASOP Dias Seniors op"]
[Site "Petroupoli"]
[Date "2012.11.24"]
[Round "4.6"]
[White "Dimoudis, Konstantinos"]
[Black "Giannoulis, Dionisios"]
[Result "0-1"]
[WhiteElo "1435"]
[BlackElo "1697"]
[PlyCount "60"]
[EventDate "2012.11.03"]
[EventType "swiss"]
[EventRounds "7"]
[EventCountry "GRE"]
[SourceTitle "EXT 2024"]
[Source "ChessBase"]
[SourceDate "2023.10.10"]
[SourceVersion "1"]
[SourceVersionDate "2023.10.10"]
[SourceQuality "1"]

1. e4 d6 2. d4 Nf6 3. Nc3 g6 4. f4 Bg7 5. Be3 Ng4 6. Qd2 Nxe3 7. Qxe3 Nc6 8. Nf3 Bg4 9. 0-0-0 a6 10. Kb1 0-0 11. h3 Bxf3 12. gxf3 b5 13. Rg1 Bh6 14. Be2 e5 15. dxe5 Nxe5 16. Bf1 Nc4 17. Bxc4 bxc4 18. Ne2 Rb8 19. c3 Rb6 20. Rd2 Qh4 21. Rg3 Rfb8 22. Qf2 a5 23. Rxg6+ hxg6 24. Qxh4 Kg7 25. Rc2 a4 26. Kc1 a3 27. bxa3 Rb1+ 28. Kd2 Rf1 29. Qg4 Rbb1 30. h4 Rbd1+ 0-1

[Event "Petroupoli op 10th"]
[Site "Petroupoli"]
[Date "2012.10.27"]
[Round "7"]
[White "Koerant, Filipos"]
[Black "Giannoulis, Dionisios"]
[Result "0-1"]
[WhiteElo "1988"]
[BlackElo "1709"]
[PlyCount "50"]
[EventDate "2012.10.06"]
[EventType "swiss"]
[EventRounds "7"]
[EventCountry "GRE"]
[SourceTitle "EXT 2013"]
[Source "ChessBase"]
[SourceDate "2012.11.22"]
[SourceVersion "1"]
[SourceVersionDate "2012.11.22"]
[SourceQuality "1"]

1. d4 Nf6 2. c4 g6 3. Nc3 Bg7 4. e4 d6 5. f3 0-0 6. Be3 Nc6 7. Nge2 a6 8. Rc1 Bd7 9. Ng3 e5 10. d5 Nd4 11. Nce2 Nxe2 12. Bxe2 Ne8 13. 0-0 f5 14. exf5 gxf5 15. Nh5 f4 16. Nxg7 Nxg7 17. Bd2 Nf5 18. Bd3 Qg5 19. Bxf5 Bxf5 20. Rc3 Rf6 21. Rf2 Kh8 22. Kf1 Qh4 23. h3 Rg8 24. Qe2 Rfg6 25. Ke1 Bxh3 0-1

[Event "Petroupoli op 10th"]
[Site "Petroupoli"]
[Date "2012.10.10"]
[Round "2"]
[White "Giannoulis, Dionisios"]
[Black "Kostouros, Alexandros"]
[Result "0-1"]
[WhiteElo "1709"]
[BlackElo "2102"]
[PlyCount "104"]
[EventDate "2012.10.06"]
[EventType "swiss"]
[EventRounds "7"]
[EventCountry "GRE"]
[SourceTitle "EXT 2013"]
[Source "ChessBase"]
[SourceDate "2012.11.22"]
[SourceVersion "1"]
[SourceVersionDate "2012.11.22"]
[SourceQuality "1"]

1. e4 e5 2. Nf3 Nf6 3. Nxe5 d6 4. Nf3 Nxe4 5. Nc3 Nxc3 6. dxc3 Be7 7. Be3 Nc6 8. Qd2 Bg4 9. Be2 Qd7 10. 0-0-0 Ne5 11. Kb1 Nxf3 12. gxf3 Be6 13. h4 Bf6 14. Bd4 Qe7 15. h5 Bxd4 16. Qxd4 Qf6 17. Qa4+ Bd7 18. Bb5 c6 19. Rhe1+ Kd8 20. Be2 Kc7 21. Qa5+ b6 22. Qa6 Rhe8 23. Qd3 Bf5 24. Qd2 Re7 25. Bd3 Bxd3 26. Rxe7+ Qxe7 27. Qxd3 h6 28. Qd4 Qe5 29. Qg4 Re8 30. a3 Re6 31. Qa4 Kb7 32. Qg4 Kc7 33. Qa4 a5 34. Qg4 b5 35. f4 Qe2 36. Rg1 Qxg4 37. Rxg4 g6 38. Kc1 Rf6 39. hxg6 fxg6 40. Kd2 Kd7 41. Ke3 Ke6 42. Rh4 h5 43. Rh1 Rf5 44. Rg1 Kf6 45. Rd1 Rd5 46. Rg1 Rc5 47. Rd1 d5 48. Rd4 Rc4 49. Rxc4 dxc4 50. Kf3 a4 51. Kg3 Kf5 52. f3 c5 0-1

[Event "Petroupoli op 5th"]
[Site "Petroupoli"]
[Date "2012.09.26"]
[Round "6"]
[White "Giannoulis, Dionisios"]
[Black "Katopodis, Dimitrios"]
[Result "1/2-1/2"]
[WhiteElo "1709"]
[BlackElo "1577"]
[PlyCount "122"]
[EventDate "2012.09.08"]
[EventType "swiss"]
[EventRounds "7"]
[EventCountry "GRE"]
[SourceTitle "CBM 150 Extra"]
[Source "ChessBase"]
[SourceDate "2012.10.19"]
[SourceVersion "1"]
[SourceVersionDate "2012.10.19"]
[SourceQuality "1"]

1. d4 d5 2. Nc3 Nf6 3. Bg5 c5 4. Bxf6 gxf6 5. e3 e6 6. Bb5+ Bd7 7. Bxd7+ Nxd7 8. Qf3 Qb6 9. Nge2 0-0-0 10. 0-0 Bd6 11. a4 a6 12. a5 Qc7 13. Na4 Bxh2+ 14. Kh1 Bd6 15. c3 Rdg8 16. b4 Rg6 17. g3 c4 18. Rfb1 h5 19. b5 axb5 20. Rxb5 f5 21. Nb6+ Kb8 22. Nxd7+ Qxd7 23. Rab1 h4 24. a6 hxg3+ 25. Kg1 gxf2+ 26. Kxf2 Rh2+ 27. Ke1 Ka8 28. axb7+ Kb8 29. Ra5 Qxb7 30. Rxb7+ Kxb7 31. Kf1 Rgh6 32. Ng1 Rh1 33. Ra2 R1h4 34. Rg2 Rg6 35. Nh3 Rhg4 36. Rxg4 Rxg4 37. Nf4 Kc6 38. Qf2 Bxf4 39. exf4 Kd6 40. Ke2 Kd7 41. Kf3 Kc6 42. Qe3 Kd7 43. Qe5 Rg6 44. Qb8 Rg7 45. Qb5+ Ke7 46. Qc5+ Kf6 47. Qd6 Rg4 48. Qe5+ Ke7 49. Qe3 Kf6 50. Ke2 Rg2+ 51. Kd1 Ra2 52. Kc1 Ra3 53. Kc2 Ra2+ 54. Kb1 Ra3 55. Qd2 Rb3+ 56. Ka2 Ke7 57. Qe3 Kd7 58. Qg3 Ke8 59. Qg8+ Ke7 60. Qg5+ Ke8 61. Qg3 Ke7 1/2-1/2

[Event "Petroupoli op 5th"]
[Site "Petroupoli"]
[Date "2012.09.15"]
[Round "3"]
[White "Bellos, Vasilios"]
[Black "Giannoulis, Dionisios"]
[Result "1/2-1/2"]
[WhiteElo "1512"]
[BlackElo "1709"]
[PlyCount "92"]
[EventDate "2012.09.08"]
[EventType "swiss"]
[EventRounds "7"]
[EventCountry "GRE"]
[SourceTitle "CBM 150 Extra"]
[Source "ChessBase"]
[SourceDate "2012.10.19"]
[SourceVersion "1"]
[SourceVersionDate "2012.10.19"]
[SourceQuality "1"]

1. e4 d6 2. d4 Nf6 3. Nc3 g6 4. f3 Bg7 5. Be3 0-0 6. Qd2 a6 7. Bd3 Nc6 8. Nge2 Nb4 9. Bc4 b5 10. Bb3 Nc6 11. 0-0 Rb8 12. Bh6 Na5 13. Bxg7 Kxg7 14. Qe3 Nxb3 15. axb3 b4 16. Nd1 Rb6 17. Nf2 Bd7 18. Nf4 Qa8 19. N2d3 Bb5 20. c4 bxc3 21. bxc3 Bxd3 22. Qxd3 Rxb3 23. Rxa6 Qb7 24. Rfa1 Rb8 25. Ra7 Qc6 26. R1a6 Qxc3 27. Qxc3 Rxc3 28. e5 Rc1+ 29. Kf2 Rb2+ 30. Kg3 Nh5+ 31. Nxh5+ gxh5 32. Ra2 Rb4 33. exd6 exd6 34. R2a4 Rb2 35. Ra2 Rb4 36. R2a4 c5 37. R4a6 Rxd4 38. Rc6 h4+ 39. Kh3 Rcd1 40. Rd7 Kg6 41. Rcc7 c4 42. Rxf7 c3 43. Rg7+ Kf6 44. Rgf7+ Ke6 45. Rfe7+ Kf6 46. Rf7+ Ke6 1/2-1/2

[Event "Petroupoli op 5th"]
[Site "Petroupoli"]
[Date "2012.09.12"]
[Round "2"]
[White "Giannoulis, Dionisios"]
[Black "Sienczewski, Zbigniew"]
[Result "0-1"]
[WhiteElo "1709"]
[BlackElo "2185"]
[PlyCount "76"]
[EventDate "2012.09.08"]
[EventType "swiss"]
[EventRounds "7"]
[EventCountry "GRE"]
[SourceTitle "CBM 150 Extra"]
[Source "ChessBase"]
[SourceDate "2012.10.19"]
[SourceVersion "1"]
[SourceVersionDate "2012.10.19"]
[SourceQuality "1"]

1. e4 d6 2. d4 Nf6 3. Nc3 g6 4. Nf3 Bg7 5. h3 0-0 6. Be3 a6 7. a4 b6 8. e5 Nfd7 9. e6 fxe6 10. Ng5 Nf6 11. h4 d5 12. h5 h6 13. Nf3 g5 14. Ne5 c5 15. Qd2 cxd4 16. Bxd4 Qd6 17. Ng6 Nc6 18. Nxf8 Nxd4 19. Ng6 e5 20. 0-0-0 Bb7 21. Nxe5 Nxc2 22. Nc4 Qc5 23. Qxc2 dxc4 24. Qe2 Rc8 25. Qe6+ Kh7 26. Rh3 b5 27. Re3 b4 28. Re5 Qxf2 29. Rf5 Qh4 30. Qxe7 bxc3 31. Rxf6 cxb2+ 32. Kxb2 Rc6 33. Rd7 Qf2+ 34. Be2 Qxf6+ 35. Kc1 Qxe7 36. Rxe7 Rb6 37. Bxc4 Rc6 38. Re4 Rc8 0-1

[Event "Petroupoli op 4th"]
[Site "Petroupoli"]
[Date "2012.05.02"]
[Round "2"]
[White "Giannoulis, Dionisios"]
[Black "Margaritis, Fotis"]
[Result "0-1"]
[WhiteElo "1754"]
[BlackElo "2194"]
[PlyCount "80"]
[EventDate "2012.04.28"]
[EventType "swiss"]
[EventRounds "7"]
[EventCountry "GRE"]
[SourceTitle "CBM 148 Extra"]
[Source "ChessBase"]
[SourceDate "2012.06.22"]
[SourceVersion "1"]
[SourceVersionDate "2012.06.22"]
[SourceQuality "1"]

1. e4 g6 2. d4 Bg7 3. Nf3 d6 4. h3 Nd7 5. Nc3 a6 6. a4 b6 7. Be3 Bb7 8. Bd3 e6 9. 0-0 h6 10. Qe2 Ne7 11. Nh2 c5 12. d5 exd5 13. exd5 0-0 14. Qd2 Kh7 15. Be2 f5 16. Rad1 Nf6 17. Bf3 Qd7 18. Rfe1 b5 19. axb5 axb5 20. Bf4 b4 21. Nb5 Nc8 22. c4 bxc3 23. Nxc3 g5 24. Bxg5 hxg5 25. Qxg5 Bh6 26. Qh4 Ne7 27. Ng4 fxg4 28. Bxg4 Qd8 29. Re6 Ng6 30. Bf5 Bc8 31. Qg3 Rg8 32. Rxd6 Bxf5 33. Rxd8 Raxd8 34. Qc7+ Rd7 35. Qxc5 Nf4 36. g3 Nxh3+ 37. Kg2 Ng5 38. Re1 Bf8 39. d6 Kg6 40. Nb5 Bh3+ 0-1

[Event "Petroupoli op 3rd"]
[Site "Petroupoli"]
[Date "2012.03.24"]
[Round "5"]
[White "Giannoulis, Dionisios"]
[Black "Liargovas, Dimitrios"]
[Result "0-1"]
[WhiteElo "1754"]
[BlackElo "1928"]
[PlyCount "60"]
[EventDate "2012.03.10"]
[EventType "swiss"]
[EventRounds "7"]
[EventCountry "GRE"]
[SourceTitle "CBM 147 Extra"]
[Source "ChessBase"]
[SourceDate "2012.04.24"]
[SourceVersion "1"]
[SourceVersionDate "2012.04.24"]
[SourceQuality "1"]

1. d4 d5 2. Nc3 Nf6 3. Bg5 c5 4. Bxf6 gxf6 5. e3 cxd4 6. exd4 h5 7. Qf3 e6 8. 0-0-0 Nc6 9. Nh3 Be7 10. Qg3 Kf8 11. Kb1 a6 12. Nf4 b5 13. Qf3 Bb7 14. Nxh5 b4 15. Ne2 e5 16. Qg4 Rg8 17. Qf5 Rg6 18. Qd3 Na5 19. b3 Bc6 20. Neg3 Nb7 21. Nf5 Nd6 22. Nhg3 Nb5 23. Nxe7 Qxe7 24. Nf5 Qc7 25. Kb2 Qa5 26. Kc1 Nc3 27. Qh3 Ne4 28. Qh8+ Rg8 29. Qh6+ Ke8 30. Bd3 Qa3+ 0-1

[Event "Petroupoli op 3rd"]
[Site "Petroupoli"]
[Date "2012.03.10"]
[Round "1"]
[White "Giannoulis, Dionisios"]
[Black "Konstantopoulos, Panagiotis"]
[Result "1-0"]
[WhiteElo "1754"]
[BlackElo "1010"]
[PlyCount "93"]
[EventDate "2012.03.10"]
[EventType "swiss"]
[EventRounds "7"]
[EventCountry "GRE"]
[SourceTitle "CBM 147 Extra"]
[Source "ChessBase"]
[SourceDate "2012.04.24"]
[SourceVersion "1"]
[SourceVersionDate "2012.04.24"]
[SourceQuality "1"]

1. d4 d5 2. c4 e6 3. cxd5 exd5 4. Nc3 Nf6 5. Bg5 Be7 6. e3 Bf5 7. Bxf6 Bxf6 8. Qb3 c6 9. Qxb7 Nd7 10. Qxc6 Be6 11. Bd3 Rc8 12. Qa4 0-0 13. Nge2 Rc7 14. 0-0 Nb6 15. Qc2 h6 16. Bh7+ Kh8 17. Bf5 Qc8 18. Bxe6 fxe6 19. Nf4 Kg8 20. Qe2 Bg5 21. Nd3 Be7 22. Rac1 a6 23. Ne5 Bd6 24. f4 Nc4 25. Nxc4 Rxc4 26. Rc2 Bb4 27. Rfc1 Rc7 28. Na4 Rff7 29. Nc5 Bxc5 30. Rxc5 Rxc5 31. Rxc5 Rc7 32. Qc2 Rxc5 33. Qxc5 Qxc5 34. dxc5 Kf8 35. Kf2 Ke7 36. Ke2 g6 37. Kd3 Kd7 38. Kd4 Kc6 39. b4 h5 40. a4 Kd7 41. b5 axb5 42. axb5 Kc7 43. Ke5 Kd7 44. Kf6 Kc7 45. Kxe6 Kb7 46. Kxd5 Kc7 47. b6+ 1-0

[Event "Petroupoli op"]
[Site "Petroupoli"]
[Date "2012.01.18"]
[Round "2"]
[White "Giannoulis, Dionisios"]
[Black "Korlotsidis, Spiridon"]
[Result "1/2-1/2"]
[WhiteElo "1736"]
[BlackElo "2051"]
[PlyCount "82"]
[EventDate "2012.01.14"]
[EventType "swiss"]
[EventRounds "7"]
[EventCountry "GRE"]
[SourceTitle "EXT 2013"]
[Source "ChessBase"]
[SourceDate "2012.11.22"]
[SourceVersion "1"]
[SourceVersionDate "2012.11.22"]
[SourceQuality "1"]

1. e4 g6 2. d4 Bg7 3. Nf3 d6 4. h3 Nf6 5. Nc3 0-0 6. Be3 c5 7. e5 dxe5 8. dxe5 Nfd7 9. Qd5 e6 10. Qe4 Nc6 11. 0-0-0 Qa5 12. Bb5 Rb8 13. Rxd7 Bxd7 14. Bxc5 Rfc8 15. Bd6 Ra8 16. Rd1 a6 17. Ba4 Be8 18. Qf4 Rd8 19. Ne4 Qxa4 20. Nf6+ Bxf6 21. Qxa4 Nxe5 22. Qf4 Nd7 23. h4 Bg7 24. Be7 Rdc8 25. h5 Nb6 26. h6 Rc4 27. Qg5 Bf8 28. Bxf8 Kxf8 29. Rd8 Rcc8 30. Rd4 Nd5 31. Nd2 f6 32. Qg4 Bf7 33. Rc4 Rd8 34. g3 Rd7 35. Nb3 b6 36. Rc6 Rad8 37. Nd4 f5 38. Qe2 Nb4 39. Nxe6+ Bxe6 40. Rxe6 Rd1+ 41. Qxd1 Nxa2+ 1/2-1/2

[Event "Petroupoli op 7th"]
[Site "Petroupoli"]
[Date "2011.11.19"]
[Round "3"]
[White "Kazalis, Manos"]
[Black "Giannoulis, Dionisios"]
[Result "0-1"]
[WhiteElo "1298"]
[BlackElo "1707"]
[PlyCount "52"]
[EventDate "2011.11.12"]
[EventType "swiss"]
[EventRounds "7"]
[EventCountry "GRE"]
[SourceTitle "EXT 2013"]
[Source "ChessBase"]
[SourceDate "2012.11.22"]
[SourceVersion "1"]
[SourceVersionDate "2012.11.22"]
[SourceQuality "1"]

1. e4 c5 2. Nf3 d6 3. d4 cxd4 4. Nxd4 Nf6 5. Nc3 e5 6. Bb5+ Bd7 7. Bxd7+ Qxd7 8. Nf3 Qc6 9. Qd3 Nbd7 10. Be3 Ng4 11. Ng5 Nxe3 12. Qxe3 h6 13. Qh3 Be7 14. Nf3 Nf6 15. Nd2 b5 16. a3 0-0 17. Qd3 Rab8 18. 0-0 Rfc8 19. b4 Qxc3 20. Rfc1 Rb6 21. Qxc3 Rxc3 22. a4 bxa4 23. Rxa4 a6 24. f3 Rbc6 25. Nb3 Rxb3 26. cxb3 Rxc1+ 0-1

[Event "Petroupoli op 7th"]
[Site "Petroupoli"]
[Date "2011.11.16"]
[Round "2"]
[White "Giannoulis, Dionisios"]
[Black "Goumas, Georgios"]
[Result "0-1"]
[WhiteElo "1707"]
[BlackElo "2369"]
[PlyCount "64"]
[EventDate "2011.11.12"]
[EventType "swiss"]
[EventRounds "7"]
[EventCountry "GRE"]
[SourceTitle "EXT 2013"]
[Source "ChessBase"]
[SourceDate "2012.11.22"]
[SourceVersion "1"]
[SourceVersionDate "2012.11.22"]
[SourceQuality "1"]

1. d4 d5 2. Nc3 Nf6 3. Bg5 c5 4. Bxf6 gxf6 5. e3 Nc6 6. Qd2 e6 7. 0-0-0 f5 8. Kb1 Bd7 9. Nf3 Rc8 10. Bb5 Na5 11. Ne5 Bxb5 12. Nxb5 a6 13. Nc3 Bg7 14. f4 Bxe5 15. fxe5 Nc4 16. Qf2 cxd4 17. exd4 Nxb2 18. Kxb2 Qb6+ 19. Ka1 Rxc3 20. Rb1 Qc6 21. Rb2 b5 22. g4 fxg4 23. Qf6 Rf8 24. Qg5 Qc4 25. Qxg4 Rxc2 26. Rxc2 Qxc2 27. Qf4 Qc3+ 28. Kb1 Qd3+ 29. Ka1 Qe4 30. Rf1 Qxf4 31. Rxf4 Rg8 32. h4 h5 0-1

[Event "Petroupoli op 6th"]
[Site "Petroupoli"]
[Date "2011.10.22"]
[Round "3"]
[White "Stavropoulos, Konstantinos"]
[Black "Giannoulis, Dionisios"]
[Result "0-1"]
[WhiteElo "1370"]
[BlackElo "1708"]
[PlyCount "110"]
[EventDate "2011.10.15"]
[EventType "swiss"]
[EventRounds "7"]
[EventCountry "GRE"]
[SourceTitle "EXT 2013"]
[Source "ChessBase"]
[SourceDate "2012.11.22"]
[SourceVersion "1"]
[SourceVersionDate "2012.11.22"]
[SourceQuality "1"]

1. e4 c6 2. d4 d5 3. exd5 cxd5 4. Bb5+ Nc6 5. Be3 Nf6 6. Nc3 Bf5 7. Nf3 e6 8. Ne5 Rc8 9. a3 Bd6 10. Bg5 0-0 11. Bxc6 bxc6 12. Bxf6 gxf6 13. Ng4 Bxg4 14. Qxg4+ Kh8 15. h4 Rg8 16. Qf3 f5 17. g3 Rg4 18. Ne2 c5 19. c3 Re4 20. Kd2 Qc7 21. Rhc1 c4 22. Qg2 Rb8 23. Rc2 Rg4 24. f3 Rg6 25. Rg1 Bxg3 26. Nxg3 f4 27. Qe2 Rxg3 28. Rxg3 fxg3 29. Kc1 Qf4+ 30. Kb1 Rg8 31. Rc1 h5 32. Qe5+ Qxe5 33. dxe5 Kg7 34. Rg1 Kf8 35. Rg2 Ke7 36. Kc2 f6 37. f4 fxe5 38. fxe5 Rg4 39. b3 cxb3+ 40. Kxb3 Kf7 41. Kc2 Kg6 42. Kd3 Kf5 43. Ke3 Kxe5 44. Kf3 Kf5 45. Ke3 e5 46. Kf3 Rc4 47. Kxg3 Rxc3+ 48. Kh2 d4 49. Rg5+ Kf4 50. Rxh5 d3 51. Rg5 d2 52. Rg8 d1Q 53. Rg1 Rc2+ 54. Rg2 Rxg2+ 55. Kxg2 Qe2+ 0-1